000
00235nam a22001097a 4500
082
_a
823
_b
UNK/F
100
_a
UNKNOWN
245
_a
FRIEND
260
_a
NEW YORK
_b
GOLDEN BOOK
_c
1992
650
_a
ENGLISH STORY
_z
UNITED STATES
942
_c
BK
999
_c
7583
_d
7583